The role of small cities in regional development / (Kayıt no. 10241)

MARC ayrıntıları
000 -BAŞLIK
Sabit Uzunluktaki Kontrol Alanı 00623nam a22001937a 4500
003 - KONTROL NUMARASI KİMLİĞİ
Kontrol Alanı KOHA_MİRAKIL
005 - EN SON İŞLEM TARİHİ ve ZAMANI
Kontrol Alanı 20260415070900.0
008 - SABİT UZUNLUKTAKİ VERİ ÖGELERİ - GENEL BİLGİ
Sabit Alan 260415b tu ||||| |||| 00| 0 tur d
040 ## - KATALOGLAMA KAYNAĞI
Özgün Kataloglama Kurumu TR-AnABB
Kataloglama Dili tur
Çeviri Kurumu TR-AnABB
041 ## - DİL KODU
Metin ya da ses kaydının dil kodu tur
082 ## - DEWEY ONU SINIFLAMA SİSTEMİ
Sınıflama Numarası 338.9
Cutter numarası THE 1984
245 04 - ESER ADI BİLDİRİMİ
Başlık The role of small cities in regional development /
Sorumluluk Bildirimi Editor: Om Prakash Mathur
260 ## - YAYIN, DAĞITIM, VB.
Yayın Yeri Nagoya :
Yayınevi United Nations Centre for Regional Development,
Yayın Tarihi 1984
300 ## - FİZİKSEL TANIMLAMA
Sayfa, Cilt vb. 198 sayfa ;
Boyutları 24 cm
650 04 - KONU BAŞLIĞI EK GİRİŞ - KONU TERİMİ
Konusal terim veya coğrafi ad Ekonomik politika
650 04 - KONU BAŞLIĞI EK GİRİŞ - KONU TERİMİ
Konusal terim veya coğrafi ad Bölgesel kalkınma
700 1# - EK GİRİŞ - KİŞİ ADI
Yazar Adı (Kişi adı) Mathur, Om Prakash,
İlişkili Terim editör
9 (RLIN) 3443
942 ## - EK GİRİŞ ÖGELERİ (KOHA)
Sınıflama Kaynağı Dewey Decimal Classification
Materyal Türü Kitap
900 ## - YEREL BİLGİ
Kontrol Can ÇELIK
Mevcut
Geri Çekilme Durumu Kayıp Durumu Sınıflandırma Kaynağı Kredi için değil Kalıcı Konum Mevcut Konum Kayıt Tarih Toplam Ödünçverme Yer Numarası Demirbaş Numarası Son Görülme Tarihi Fatura Tarihi Materyal Türü
    Dewey Decimal Classification   Prof. Dr. Ruşen Keleş Kütüphanesi Prof. Dr. Ruşen Keleş Kütüphanesi 15/04/2026   338.9 THE 1984 RK7082 15/04/2026 15/04/2026 Kitap